| 000 | 01044nam a2200121Ia 4500 | ||
|---|---|---|---|
| 008 | 220615s9999||||xx |||||||||||||| ||und|| | ||
| 245 | 0 | _aBig Data in Dental Research and Oral Healthcare | |
| 546 | _aEnglish[eng] | ||
| 650 | _adigital transformation||rapid prototyping||augmented and virtual reality (AR/VR)||artificial intelligence (AI)||machine learning (ML)||personalized dental medicine||tele-health||patient-centered outcomes||integrated care, medical–dental integration, simulation model, dental research||oral medicine||oral healthcare||dentistry||gerodontology||elderly patient||big data||Big Data||digital dentistry||oral health||ethical issues||dental education||augmented reality (AR)||virtual reality (VR)||artificial intelligence||AI||machine learning||ML||cone beam computed tomography (CBCT)||intraoral scanning||facial scanning||healthcare cost||medical healthcare cost||dental healthcare cost||zero-inflated model||neural network | ||
| 700 | _aJoda, Tim | ||
| 856 | _uhttps://mdpi.com/books/pdfview/book/3566 | ||
| 942 | _cEB | ||
| 999 |
_c8668 _d8668 |
||